Consecutive Interpreting. A Short Course.
Guardat en:
| Autor principal: | |
|---|---|
| Format: | Desconegut |
| Idioma: | anglès |
| Publicat: |
Oxford, United Kingdom:
Routledge, Taylor & Francis Group,
2019
|
| Col·lecció: | Translation practices explained.
|
| Matèries: | |
| Etiquetes: |
Afegir etiqueta
Sense etiquetes, Sigues el primer a etiquetar aquest registre!
|
MARC
| LEADER | 00000 a2200000 4500 | ||
|---|---|---|---|
| 003 | CL-VaPUC | ||
| 005 | 20220119084846.0 | ||
| 008 | 220113b ||||| |||| 00| 0 eng d | ||
| 999 | |c 433974 |d 433972 | ||
| 020 | |a 978-1138123243 | ||
| 040 | |c Pontificia Universidad Católica de Valparaíso | ||
| 082 | 7 | |a 418.02 GIL 2019 |2 23 | |
| 100 | |a Gillies, Andrew |9 574698 |e author | ||
| 245 | |a Consecutive Interpreting. |b A Short Course. | ||
| 260 | |a Oxford, United Kingdom: |b Routledge, Taylor & Francis Group, |c 2019 | ||
| 300 | |a 259 páginas | ||
| 490 | |a Translation practices explained. | ||
| 583 | |k Cristina María Rojas Aguilar |c 20220113 | ||
| 650 | 0 | |a Traducción |9 357261 | |
| 650 | 0 | |a Interpretación consecutiva |9 865513 | |
| 942 | |2 ddc |c BK | ||
| 952 | |0 0 |1 0 |2 ddc |4 0 |6 418_020000000000000_GIL_2019 |7 0 |8 A |9 580469 |a BIBEDU |b BIBEDU |c GEN |d 2022-01-12 |e 3 |g 45748.00 |i 563735K |l 5 |m 1 |o 418.02 GIL 2019 |p 563735K |r 2025-04-09 |s 2025-03-26 |t 1 |v 45748.00 |w 2022-01-12 |y BK |k LIT | ||